Europejskie państwa według godła - Statystyki

Ogólne statystyki
  • Ten quiz został rozwiązany 77 razy
  • Średni wynik to 35 z 47
Statystyki odpowiedzi
Obrazkowy Odpowiedź % Poprawnych
Albania
98%
Bośnia
97%
Chorwacja
97%
Austria
94%
Andora
92%
Polska
92%
Szwajcaria
92%
Białoruś
90%
Hiszpania
89%
Portugalia
89%
Słowacja
89%
Belgia
87%
Islandia
87%
Kosowo
87%
Słowenia
87%
Ukraina
85%
Malta
84%
Węgry
84%
Włochy
84%
Niemcy
82%
Watykan
82%
San Marino
81%
Serbia
81%
Grecja
79%
Kazachstan
79%
Litwa
74%
Mołdawia
74%
Bułgaria
71%
Czarnogóra
71%
Czechy
71%
Rosja
71%
Francja
65%
Irlandia
65%
Rumunia
65%
Wielka Brytania / UK
63%
Cypr
58%
Luksemburg
58%
Monako
58%
Dania
56%
Macedonia
55%
Norwegia
53%
Finlandia
52%
Liechtenstein
52%
Niderlandy / Holandia
52%
Szwecja
52%
Estonia
47%
Łotwa
47%
Nie znaleziono quizów pasujących do podanych kryteriów
Rozkład punktacji
Procent ludzi z każdym wynikiem
Percentyl według liczby udzielonych odpowiedzi
Twoja historia wyników
Nie rozwiązałeś tego quizu